Fundamentals Of Geomorphology / (Record no. 616504)

000 -LEADER
fixed length control field 00419nam a22001457a 4500
020 ## - INTERNATIONAL STANDARD BOOK NUMBER
Qualifying information PB.
040 ## - CATALOGING SOURCE
Transcribing agency FIZZA ISHAQ
082 ## - DEWEY DECIMAL CLASSIFICATION NUMBER
Classification number 551.41
Author Mark HUG
100 ## - MAIN ENTRY--PERSONAL NAME
Personal name Huggett, Richard ,
9 (RLIN) 133566
245 ## - TITLE STATEMENT
Title Fundamentals Of Geomorphology /
Statement of responsibility, etc. Richard Huggett.
250 ## - EDITION STATEMENT
Edition statement 4TH ED.
260 ## - PUBLICATION, DISTRIBUTION, ETC.
Place of publication, distribution, etc. New York:
Name of publisher, distributor, etc. Routledge Taylor and Francis Group,
Date of publication, distribution, etc. 2017.
300 ## - PHYSICAL DESCRIPTION
Extent xxxiv , 543 p. ;
Dimensions 7.99 x 10 x 1.85 inches
942 ## - ADDED ENTRY ELEMENTS (KOHA)
Source of classification or shelving scheme
Koha item type Book
Holdings
Withdrawn status Lost status Source of classification or shelving scheme Damaged status Not for loan Permanent Location Current Location Date acquired Total Checkouts Full call number Barcode Date last seen Price effective from Koha item type
          NUST Baluchistan Campus (NBC) NUST Baluchistan Campus (NBC) 03/04/2026   551.41 HUG Q-2108 03/04/2026 03/04/2026 Book
© 2023 Central Library, National University of Sciences and Technology. All Rights Reserved.